000
00301nam a22001337a 4500
008
170502b xxu||||| |||| 00| 0 eng d
020
_a
9780495809814
041
_a
eng
080
_2
7TH
_a
343.9
100
_a
14
101
_a
SHJ
245
_a
CRIMINAL LAW & PROCEDURE
_c
SCHEB, J.M
942
_2
udc
_c
BK
999
_c
12391
_d
12391